000
00306nam a22001337a 4500
008
170808b xxu||||| |||| 00| 0 eng d
020
_a
3800941147
041
_a
ger
080
_a
004
100
_a
34
101
_a
SHK
245
_a
WISSENSBASIERTE SYSTEME IN DER PRAXIS
_c
WINKELMANN,K
942
_2
udc
_c
BK
999
_c
22875
_d
22875